|
|
|
|
| LEADER |
01507nam a2200325 a 4500 |
| 001 |
1165439 |
| 008 |
090615s1997 nyua bf 001 0 eng d |
| 010 |
|
|
|a \\\96054805
|
| 020 |
|
|
|a 0471156582 (cloth : acid-free paper)
|
| 020 |
|
|
|a 0471154008 (set : acid-free paper)
|
| 040 |
|
|
|a DLC
|c DLC
|d DLC
|
| 082 |
0 |
0 |
|a 658.15/224
|2 21
|
| 245 |
0 |
4 |
|a The nonprofit handbook :
|b fund raising /
|c edited by James M. Greenfield.
|
| 246 |
3 |
0 |
|a Fund raising
|
| 250 |
|
|
|a 2nd ed.
|
| 260 |
|
|
|a New York :
|b Wiley,
|c c1997.
|
| 300 |
|
|
|a xxv, 716 p. :
|b ill. ;
|c 26 cm.
|
| 490 |
|
4 |
|a The NSFRE/Wiley fund development series
|
| 500 |
|
|
|a Rev. ed. of: Nonprofit management handbook. c1993.
|
| 504 |
|
|
|a Includes bibliographical references and index.
|
| 541 |
1 |
|
|e 00007989
|
| 650 |
|
0 |
|a Nonprofit organizations
|x Management
|x Handbooks, manuals, etc.
|
| 650 |
|
0 |
|a Nonprofit organizations
|x Finance
|x Handbooks, manuals, etc.
|
| 650 |
|
0 |
|a Total quality management
|x Handbooks, manuals, etc.
|
| 650 |
|
0 |
|a Fund raising
|x Handbooks, manuals, etc.
|
| 700 |
1 |
|
|a Greenfield, James M.,
|d 1936-
|
| 852 |
4 |
|
|a Ayesha Abed Library
|j General shelf
|
| 999 |
|
|
|c 1334
|d 1334
|
| 952 |
|
|
|0 0
|1 0
|2 ddc
|4 0
|6 658_152240000000000_NON_1997
|7 0
|9 1217
|a BRACUL
|b BRACUL
|c GEN
|d 2009-06-25
|g 0.00
|l 0
|o 658.15224 NON
|p 3010007989
|r 2009-06-25
|t 1
|w 2009-06-25
|y BK
|x No price found in the accession register.
|
| 952 |
|
|
|0 0
|1 0
|2 ddc
|4 0
|6 658_152240000000000_NON_1997
|7 0
|9 12751
|a BRACUL
|b BRACUL
|c GEN
|d 2010-10-26
|l 0
|o 658.15224 NON
|p 3010007990
|r 2010-10-26
|t 2
|w 2010-10-26
|y BK
|